[Event "DEM U10w 2021"]
[Site "Willingen GER"]
[Date "2021.08.25"]
[Round "5"]
[White "Müller, Ariana"]
[Black "Baihaghi, Aryana"]
[Result "0-1"]
[Termination "normal"]
[Board "8"]
[WhiteElo "1006"]
[BlackElo "1265"]
[WhiteClock "00:50:05"]
[BlackClock "01:05:05"]
[PlyCount "116"]
[WhiteFideId "34615024"]
[BlackFideId "34604960"]
[EventCountry "GER"]
[EventRounds "11"]
[EventType "swiss"]
[EventDate "2021.08.22"]

1. e4 {[%clk 01:15:49]} {[%emt 00:00:11]} d5 {[%clk 01:15:53]} {[%emt
00:00:08]} 2. exd5 {[%clk 01:16:12]} {[%emt 00:00:06]} Qxd5 {[%clk 01:16:19]}
{[%emt 00:00:06]} 3. Nc3 {[%clk 01:16:28]} {[%emt 00:00:14]} Qd8 {[%clk
01:16:46]} {[%emt 00:00:03]} 4. d4 {[%clk 01:16:25]} {[%emt 00:00:32]} Nf6
{[%clk 01:16:59]} {[%emt 00:00:17]} 5. Nf3 {[%clk 01:16:28]} {[%emt 00:00:27]}
Bf5 {[%clk 01:17:12]} {[%emt 00:00:18]} 6. Bf4 {[%clk 01:16:25]} {[%emt
00:00:31]} a6 {[%clk 01:16:53]} {[%emt 00:00:51]} 7. Bd3 {[%clk 01:15:00]}
{[%emt 00:01:53]} e6 {[%clk 01:16:35]} {[%emt 00:00:50]} 8. O-O {[%clk
01:15:15]} {[%emt 00:00:14]} Be7 {[%clk 01:16:23]} {[%emt 00:00:42]} 9. Qe2
{[%clk 01:13:34]} {[%emt 00:02:11]} Bg4 {[%clk 01:16:33]} {[%emt 00:00:21]} 10.
Ne4 {[%clk 01:11:56]} {[%emt 00:02:08]} Nc6 {[%clk 01:16:24]} {[%emt 00:00:39]}
11. h3 {[%clk 01:09:51]} {[%emt 00:02:35]} Nxd4 {[%clk 01:16:37]} {[%emt
00:00:17]} 12. Qd1 {[%clk 01:08:53]} {[%emt 00:01:27]} Nxf3+ {[%clk 01:16:35]}
{[%emt 00:00:32]} 13. gxf3 {[%clk 01:08:50]} {[%emt 00:00:33]} Bxh3 {[%clk
01:16:52]} {[%emt 00:00:13]} 14. Re1 {[%clk 01:08:18]} {[%emt 00:01:02]} Nh5
{[%clk 01:16:33]} {[%emt 00:00:56]} 15. Bg3 {[%clk 01:06:19]} {[%emt 00:02:28]}
O-O {[%clk 01:16:23]} {[%emt 00:00:39]} 16. f4 {[%clk 01:03:52]} {[%emt
00:02:57]} Nf6 {[%clk 01:16:18]} {[%emt 00:00:35]} 17. Nxf6+ {[%emt 00:00:52]}
Bxf6 {[%clk 01:15:43]} {[%emt 00:01:02]} 18. Qh5 {[%clk 01:03:01]} {[%emt
00:01:00]} Bf5 {[%clk 01:15:14]} {[%emt 00:01:01]} 19. Bxf5 {[%clk 01:03:20]}
{[%emt 00:00:11]} exf5 {[%emt 00:00:09]} 20. Qxf5 {[%emt 00:00:12]} g6 {[%clk
01:11:28]} {[%emt 00:03:56]} 21. Qh3 {[%clk 01:03:12]} {[%emt 00:00:38]} Re8
{[%clk 01:10:29]} {[%emt 00:01:29]} 22. Rxe8+ {[%clk 01:02:12]} {[%emt
00:01:30]} Qxe8 {[%clk 01:10:49]} {[%emt 00:00:11]} 23. Kg2 {[%clk 01:02:22]}
{[%emt 00:00:18]} Bxb2 {[%clk 01:09:37]} {[%emt 00:01:44]} 24. Rh1 {[%clk
01:02:09]} {[%emt 00:00:42]} h5 {[%clk 01:09:05]} {[%emt 00:01:02]} 25. f5
{[%emt 00:02:03]} Rd8 {[%clk 01:08:38]} 26. Bh4 {[%clk 00:59:37]} {[%emt
00:02:47]} Qe4+ {[%clk 01:07:53]} {[%emt 00:00:53]} 27. Qf3 {[%clk 00:56:39]}
{[%emt 00:03:28]} Qxf3+ {[%clk 01:07:56]} {[%emt 00:00:28]} 28. Kxf3 {[%clk
00:56:55]} {[%emt 00:00:14]} Rd5 {[%clk 01:06:55]} {[%emt 00:01:31]} 29. fxg6
{[%clk 00:56:49]} {[%emt 00:00:35]} Rf5+ {[%clk 01:06:54]} {[%emt 00:00:31]}
30. Ke2 {[%clk 00:56:37]} {[%emt 00:00:40]} fxg6 {[%clk 01:07:17]} {[%emt
00:00:10]} 31. Rb1 {[%clk 00:56:09]} {[%emt 00:00:58]} Re5+ {[%clk 01:06:10]}
{[%emt 00:01:36]} 32. Kf1 {[%clk 00:56:19]} {[%emt 00:00:20]} Bc3 {[%clk
01:03:06]} {[%emt 00:03:35]} 33. Bf6 {[%clk 00:55:43]} {[%emt 00:01:05]} Re1+
{[%clk 01:03:22]} {[%emt 00:00:12]} 34. Rxe1 {[%clk 00:55:43]} {[%emt
00:00:31]} Bxe1 {[%clk 01:02:42]} {[%emt 00:01:11]} 35. Kxe1 {[%clk 00:56:06]}
{[%emt 00:00:07]} c6 {[%clk 01:03:00]} {[%emt 00:00:12]} 36. Ke2 {[%clk
00:56:11]} {[%emt 00:00:25]} Kf7 {[%clk 01:03:23]} {[%emt 00:00:07]} 37. Bh4
{[%clk 00:56:19]} {[%emt 00:00:20]} Ke6 {[%clk 01:03:48]} {[%emt 00:00:07]} 38.
Kd3 {[%clk 00:56:29]} {[%emt 00:00:20]} Kf5 {[%clk 01:04:16]} {[%emt 00:00:02]}
39. Kd4 {[%clk 00:56:24]} {[%emt 00:00:34]} Kg4 {[%clk 01:04:43]} {[%emt
00:00:04]} 40. Bg3 {[%clk 00:55:59]} {[%emt 00:00:55]} h4 {[%clk 01:04:51]}
{[%emt 00:00:22]} 41. Bd6 {[%clk 00:54:26]} {[%emt 00:02:03]} Kf3 {[%clk
01:04:47]} {[%emt 00:00:34]} 42. Be7 {[%clk 00:54:28]} {[%emt 00:00:27]} h3
{[%clk 01:05:06]} {[%emt 00:00:13]} 43. Bd6 {[%clk 00:54:03]} {[%emt 00:00:55]}
Kg2 {[%clk 01:05:25]} {[%emt 00:00:10]} 44. Ke3 {[%clk 00:54:08]} {[%emt
00:00:25]} h2 {[%clk 01:05:35]} {[%emt 00:00:21]} 45. Bxh2 {[%clk 00:54:09]}
{[%emt 00:00:28]} Kxh2 {[%emt 00:00:05]} 46. f4 {[%emt 00:00:11]} Kg3 {[%clk
01:05:24]} {[%emt 00:00:25]} 47. Ke4 {[%clk 00:53:53]} {[%emt 00:00:46]} Kg4
{[%clk 01:05:24]} {[%emt 00:00:30]} 48. Ke5 {[%clk 00:54:00]} {[%emt 00:00:23]}
c5 {[%clk 01:04:47]} {[%emt 00:01:07]} 49. Kd5 {[%emt 00:01:31]} Kxf4 {[%emt
00:00:16]} 50. Kxc5 {[%clk 00:52:38]} {[%emt 00:00:06]} g5 {[%clk 01:05:08]}
{[%emt 00:00:09]} 51. Kb6 {[%clk 00:52:53]} {[%emt 00:00:14]} g4 {[%clk
01:05:33]} {[%emt 00:00:04]} 52. Kxb7 {[%clk 00:53:04]} {[%emt 00:00:20]} g3
{[%clk 01:06:01]} {[%emt 00:00:03]} 53. c4 {[%clk 00:53:31]} {[%emt 00:00:03]}
g2 {[%clk 01:06:16]} {[%emt 00:00:14]} 54. c5 {[%clk 00:51:03]} {[%emt
00:02:58]} g1=Q {[%emt 00:00:13]} 55. c6 {[%emt 00:00:19]} Qb1+ {[%clk
01:05:36]} {[%emt 00:00:38]} 56. Kc8 {[%clk 00:49:48]} {[%emt 00:01:45]} Ke5
{[%clk 01:05:23]} {[%emt 00:00:44]} 57. c7 {[%clk 00:49:58]} {[%emt 00:00:20]}
Kd6 {[%clk 01:05:19]} {[%emt 00:00:33]} 58. Kd8 {[%clk 00:50:05]} {[%emt
00:00:23]} Qf5 {[%clk 01:05:05]} {[%emt 00:00:45]} 0-1

[Event "DEM U10w 2021"]
[Site "Willingen GER"]
[Date "2021.08.25"]
[Round "5"]
[White "Fruth, Julia"]
[Black "Heidtkamp, Anna"]
[Result "1-0"]
[Termination "normal"]
[Board "9"]
[WhiteElo "1007"]
[BlackElo "1132"]
[WhiteClock "00:42:31"]
[BlackClock "00:17:08"]
[PlyCount "99"]
[WhiteFideId "34603050"]
[BlackFideId "16269012"]
[EventCountry "GER"]
[EventRounds "11"]
[EventType "swiss"]
[EventDate "2021.08.22"]

1. e4 {[%clk 01:15:58]} {[%emt 00:00:02]} e5 {[%clk 01:15:54]} {[%emt
00:00:07]} 2. Nf3 {[%clk 01:16:23]} {[%emt 00:00:04]} Nc6 {[%clk 01:16:19]}
{[%emt 00:00:05]} 3. d4 {[%clk 01:16:45]} {[%emt 00:00:07]} exd4 {[%clk
01:16:45]} {[%emt 00:00:05]} 4. Nxd4 {[%clk 01:17:02]} {[%emt 00:00:13]} Bc5
{[%clk 01:17:12]} {[%emt 00:00:03]} 5. Nf5 {[%clk 01:17:24]} {[%emt 00:00:08]}
Qf6 {[%clk 01:11:51]} {[%emt 00:05:43]} 6. Nc3 {[%clk 01:17:21]} {[%emt
00:00:41]} d6 {[%clk 01:03:22]} {[%emt 00:08:57]} 7. Nd5 {[%clk 01:16:03]}
{[%emt 00:01:43]} Qd8 {[%clk 00:52:34]} {[%emt 00:11:19]} 8. Nxg7+ {[%clk
01:14:33]} {[%emt 00:02:04]} Kf8 {[%clk 00:41:38]} {[%emt 00:11:15]} 9. Nh5
{[%clk 01:10:16]} {[%emt 00:05:05]} Be6 {[%clk 00:31:31]} {[%emt 00:10:28]} 10.
Bc4 {[%clk 01:06:56]} {[%emt 00:03:47]} Bxd5 {[%clk 00:26:54]} {[%emt
00:05:13]} 11. Qxd5 {[%clk 01:06:41]} {[%emt 00:00:43]} Ne5 {[%clk 00:21:06]}
{[%emt 00:06:19]} 12. O-O {[%clk 01:03:55]} {[%emt 00:02:39]} c6 {[%clk
00:18:52]} {[%emt 00:03:22]} 13. Qd1 {[%clk 01:02:38]} {[%emt 00:01:46]} Nxc4
{[%clk 00:17:40]} {[%emt 00:01:43]} 14. Qg4 {[%clk 01:01:51]} {[%emt 00:00:59]}
Bd4 {[%clk 00:15:44]} {[%emt 00:02:44]} 15. e5 {[%clk 01:01:44]} {[%emt
00:00:34]} Nxe5 {[%clk 00:11:40]} {[%emt 00:04:38]} 16. Qxd4 {[%clk 00:59:51]}
{[%emt 00:02:20]} Nf6 {[%clk 00:10:14]} {[%emt 00:02:13]} 17. Nxf6 {[%clk
00:56:36]} {[%emt 00:03:43]} Qxf6 {[%clk 00:10:34]} {[%emt 00:00:11]} 18. Qb4
{[%clk 00:54:58]} {[%emt 00:01:59]} b6 {[%clk 00:09:46]} {[%emt 00:01:28]} 19.
Bf4 {[%clk 00:52:15]} {[%emt 00:03:11]} c5 {[%clk 00:09:11]} {[%emt 00:01:07]}
20. Qe4 {[%clk 00:50:27]} {[%emt 00:01:24]} Re8 {[%clk 00:09:27]} {[%emt
00:01:07]} 21. Bxe5 {[%clk 00:47:48]} {[%emt 00:03:09]} Qxe5 {[%clk 00:09:40]}
{[%emt 00:00:17]} 22. Qxe5 {[%clk 00:47:46]} {[%emt 00:00:32]} Rxe5 {[%clk
00:10:08]} {[%emt 00:00:03]} 23. Rfe1 {[%clk 00:47:48]} {[%emt 00:00:25]} f6
{[%clk 00:10:26]} {[%emt 00:00:15]} 24. Rxe5 {[%clk 00:47:42]} {[%emt
00:00:36]} fxe5 {[%clk 00:10:55]} 25. a3 {[%clk 00:46:43]} {[%emt 00:01:29]} a5
{[%clk 00:11:12]} {[%emt 00:00:13]} 26. c3 {[%clk 00:46:22]} {[%emt 00:00:49]}
Ke7 {[%clk 00:11:31]} {[%emt 00:00:12]} 27. Re1 {[%clk 00:45:42]} {[%emt
00:01:10]} Rf8 {[%clk 00:11:46]} {[%emt 00:00:15]} 28. g3 {[%clk 00:45:50]}
{[%emt 00:00:22]} Ke6 {[%clk 00:11:54]} {[%emt 00:00:23]} 29. f4 {[%clk
00:45:56]} {[%emt 00:00:24]} Rf5 {[%clk 00:11:46]} {[%emt 00:00:38]} 30. fxe5
{[%clk 00:45:43]} {[%emt 00:00:42]} Rxe5 {[%clk 00:12:09]} {[%emt 00:00:08]}
31. Rxe5+ {[%clk 00:46:10]} {[%emt 00:00:03]} Kxe5 {[%clk 00:12:30]} {[%emt
00:00:09]} 32. Kg2 {[%clk 00:45:47]} {[%emt 00:00:52]} Kf5 {[%clk 00:12:50]}
{[%emt 00:00:10]} 33. h3 {[%clk 00:45:46]} {[%emt 00:00:32]} h5 {[%clk
00:13:12]} {[%emt 00:00:08]} 34. Kf3 {[%clk 00:45:57]} {[%emt 00:00:17]} d5
{[%clk 00:13:18]} {[%emt 00:00:26]} 35. g4+ {[%emt 00:01:05]} hxg4+ {[%emt
00:00:09]} 36. hxg4+ {[%clk 00:44:53]} {[%emt 00:00:19]} Kg5 {[%clk 00:13:41]}
{[%emt 00:00:07]} 37. b4 {[%clk 00:43:40]} {[%emt 00:01:44]} cxb4 {[%clk
00:13:40]} {[%emt 00:00:31]} 38. cxb4 {[%clk 00:43:43]} {[%emt 00:00:27]} a4
{[%clk 00:13:56]} {[%emt 00:00:13]} 39. Ke3 {[%clk 00:43:35]} {[%emt 00:00:39]}
Kxg4 {[%clk 00:14:14]} {[%emt 00:00:11]} 40. Kd4 {[%clk 00:43:55]} {[%emt
00:00:10]} Kf5 {[%clk 00:14:40]} {[%emt 00:00:05]} 41. Kxd5 {[%clk 00:44:10]}
{[%emt 00:00:15]} Kf4 {[%clk 00:14:05]} {[%emt 00:01:05]} 42. Kc6 {[%clk
00:44:15]} {[%emt 00:00:25]} Ke3 {[%clk 00:14:31]} {[%emt 00:00:04]} 43. Kxb6
{[%clk 00:44:36]} {[%emt 00:00:10]} Kd3 {[%clk 00:14:58]} {[%emt 00:00:02]} 44.
Ka5 {[%clk 00:44:38]} {[%emt 00:00:28]} Kc4 {[%clk 00:15:16]} {[%emt 00:00:12]}
45. b5 {[%clk 00:44:02]} {[%emt 00:01:04]} Kb3 {[%clk 00:15:44]} {[%emt
00:00:04]} 46. b6 {[%clk 00:43:23]} {[%emt 00:01:09]} Ka2 {[%clk 00:16:04]}
{[%emt 00:00:10]} 47. b7 {[%clk 00:42:48]} {[%emt 00:01:05]} Ka1 {[%clk
00:16:22]} {[%emt 00:00:12]} 48. b8=Q {[%clk 00:42:52]} {[%emt 00:00:22]} Ka2
{[%clk 00:16:46]} {[%emt 00:00:09]} 49. Kxa4 {[%clk 00:42:39]} {[%emt
00:00:43]} Ka1 {[%clk 00:17:08]} {[%emt 00:00:08]} 50. Kb3 {[%clk 00:42:31]}
{[%emt 00:00:37]} 1-0

[Event "DEM U10w 2021"]
[Site "Willingen GER"]
[Date "2021.08.25"]
[Round "5"]
[White "Rössling, Laura Marie"]
[Black "Kühne, Malin"]
[Result "0-1"]
[Termination "normal"]
[Board "10"]
[WhiteElo "1094"]
[BlackElo "938"]
[WhiteClock "00:44:03"]
[BlackClock "00:22:49"]
[PlyCount "138"]
[WhiteFideId "16289471"]
[BlackFideId "34619747"]
[EventCountry "GER"]
[EventRounds "11"]
[EventType "swiss"]
[EventDate "2021.08.22"]

1. e4 {[%clk 01:15:58]} {[%emt 00:00:02]} e5 {[%clk 01:15:52]} {[%emt
00:00:08]} 2. Nf3 {[%clk 01:16:23]} {[%emt 00:00:05]} Nc6 {[%clk 01:16:15]}
{[%emt 00:00:08]} 3. Bc4 {[%clk 01:16:48]} {[%emt 00:00:04]} Bc5 {[%clk
01:16:36]} {[%emt 00:00:10]} 4. c3 {[%clk 01:17:09]} {[%emt 00:00:09]} Nf6
{[%clk 01:12:53]} {[%emt 00:04:13]} 5. d4 {[%clk 01:17:30]} {[%emt 00:00:09]}
exd4 {[%clk 01:11:45]} {[%emt 00:01:38]} 6. cxd4 {[%clk 01:17:45]} {[%emt
00:00:14]} Bb4+ {[%clk 01:12:00]} {[%emt 00:00:15]} 7. Bd2 {[%clk 01:17:47]}
{[%emt 00:00:28]} Nxe4 {[%clk 01:11:05]} {[%emt 00:01:26]} 8. O-O {[%clk
01:17:51]} {[%emt 00:00:25]} O-O {[%clk 01:09:38]} {[%emt 00:01:58]} 9. d5
{[%clk 01:17:26]} {[%emt 00:00:55]} Nxd2 {[%clk 01:06:58]} {[%emt 00:03:10]}
10. Nbxd2 {[%clk 01:17:32]} {[%emt 00:00:23]} Na5 {[%clk 01:03:39]} {[%emt
00:03:49]} 11. a3 {[%clk 01:17:03]} {[%emt 00:01:00]} Nxc4 {[%clk 00:58:49]}
{[%emt 00:05:20]} 12. Nxc4 {[%clk 01:17:04]} {[%emt 00:00:29]} Bc5 {[%clk
00:58:36]} {[%emt 00:00:42]} 13. b4 {[%clk 01:17:03]} {[%emt 00:00:32]} Bb6
{[%clk 00:58:18]} {[%emt 00:00:49]} 14. a4 {[%clk 01:16:42]} {[%emt 00:00:50]}
a6 {[%clk 00:55:09]} {[%emt 00:03:39]} 15. Nxb6 {[%clk 01:16:43]} {[%emt
00:00:29]} cxb6 {[%clk 00:55:22]} {[%emt 00:00:17]} 16. a5 {[%clk 01:15:13]}
{[%emt 00:02:00]} d6 {[%clk 00:54:10]} {[%emt 00:01:42]} 17. h3 {[%clk
01:14:59]} {[%emt 00:00:44]} Bf5 {[%clk 00:52:23]} {[%emt 00:02:17]} 18. Re1
{[%clk 01:13:29]} {[%emt 00:01:59]} h6 {[%clk 00:50:19]} {[%emt 00:02:34]} 19.
Nd4 {[%clk 01:12:54]} {[%emt 00:01:18]} Bg6 {[%clk 00:47:26]} {[%emt 00:03:09]}
20. Kh1 {[%clk 00:57:53]} {[%emt 00:15:32]} Qc7 {[%clk 00:44:09]} {[%emt
00:03:47]} 21. Rc1 {[%clk 00:55:45]} {[%emt 00:02:38]} Qd8 {[%clk 00:42:44]}
{[%emt 00:01:55]} 22. axb6 {[%clk 00:52:05]} {[%emt 00:04:10]} Qxb6 {[%clk
00:42:24]} {[%emt 00:00:49]} 23. Qd2 {[%clk 00:51:10]} {[%emt 00:01:36]} Rfe8
{[%clk 00:41:26]} {[%emt 00:01:17]} 24. Rcd1 {[%clk 00:42:40]} {[%emt
00:09:01]} Rec8 {[%clk 00:37:09]} {[%emt 00:04:42]} 25. Rc1 {[%clk 00:42:29]}
{[%emt 00:00:46]} Rxc1 {[%clk 00:36:48]} {[%emt 00:00:51]} 26. Rxc1 {[%clk
00:42:41]} {[%emt 00:00:17]} Be4 {[%clk 00:34:44]} {[%emt 00:02:35]} 27. Nf3
{[%clk 00:41:17]} {[%emt 00:01:53]} Bxf3 {[%clk 00:34:42]} {[%emt 00:00:33]}
28. gxf3 {[%clk 00:41:35]} {[%emt 00:00:11]} a5 {[%clk 00:31:53]} {[%emt
00:03:19]} 29. bxa5 {[%clk 00:40:23]} {[%emt 00:01:42]} Qxa5 {[%clk 00:31:11]}
{[%emt 00:01:13]} 30. Qd4 {[%clk 00:39:11]} {[%emt 00:01:42]} Qa7 {[%clk
00:30:55]} {[%emt 00:00:47]} 31. Qxa7 {[%clk 00:39:15]} {[%emt 00:00:26]} Rxa7
{[%clk 00:31:17]} {[%emt 00:00:08]} 32. Rc8+ {[%clk 00:39:34]} {[%emt
00:00:11]} Kh7 {[%clk 00:27:59]} {[%emt 00:03:48]} 33. Rc7 {[%clk 00:39:39]}
{[%emt 00:00:25]} Ra1+ {[%clk 00:21:40]} {[%emt 00:06:49]} 34. Kg2 {[%clk
00:39:54]} {[%emt 00:00:14]} b5 {[%clk 00:19:27]} {[%emt 00:02:44]} 35. Rxf7
{[%clk 00:39:24]} {[%emt 00:01:01]} Ra6 {[%clk 00:19:41]} {[%emt 00:00:15]} 36.
Rb7 {[%clk 00:39:33]} {[%emt 00:00:21]} Ra5 {[%clk 00:19:52]} {[%emt 00:00:19]}
37. Kf1 {[%clk 00:39:39]} {[%emt 00:00:24]} Kg6 {[%clk 00:20:03]} {[%emt
00:00:19]} 38. Ke2 {[%clk 00:39:58]} {[%emt 00:00:10]} Kf6 {[%clk 00:20:23]}
{[%emt 00:00:11]} 39. Kd3 {[%clk 00:40:19]} {[%emt 00:00:09]} g5 {[%clk
00:20:45]} {[%emt 00:00:08]} 40. Kc3 {[%clk 00:40:43]} {[%emt 00:00:07]} Ke5
{[%clk 00:21:07]} {[%emt 00:00:07]} 41. Kb4 {[%clk 00:41:04]} {[%emt 00:00:09]}
Ra2 {[%clk 00:21:03]} {[%emt 00:00:34]} 42. Kb3 {[%clk 00:39:02]} {[%emt
00:02:31]} Rxf2 {[%clk 00:19:58]} {[%emt 00:01:35]} 43. Rxb5 {[%clk 00:38:33]}
{[%emt 00:01:00]} Rxf3+ {[%clk 00:20:17]} {[%emt 00:00:11]} 44. Kc4 {[%clk
00:38:40]} {[%emt 00:00:21]} Rxh3 {[%clk 00:20:01]} {[%emt 00:00:47]} 45. Rb8
{[%clk 00:38:36]} {[%emt 00:00:34]} Rh4+ {[%clk 00:18:52]} {[%emt 00:01:39]}
46. Kb5 {[%clk 00:38:55]} {[%emt 00:00:12]} Kxd5 {[%clk 00:19:11]} {[%emt
00:00:11]} 47. Ka5 {[%clk 00:39:15]} {[%emt 00:00:10]} Ke5 {[%clk 00:18:48]}
{[%emt 00:00:53]} 48. Re8 {[%clk 00:39:25]} {[%emt 00:00:20]} Kd5 {[%clk
00:18:48]} {[%emt 00:00:29]} 49. Rb8 {[%clk 00:39:42]} {[%emt 00:00:14]} Rh5
{[%clk 00:18:53]} {[%emt 00:00:25]} 50. Rb5 {[%clk 00:39:43]} {[%emt 00:00:28]}
Ke6 {[%clk 00:19:09]} {[%emt 00:00:14]} 51. Rb1 {[%clk 00:40:00]} {[%emt
00:00:13]} g4+ {[%clk 00:19:29]} {[%emt 00:00:11]} 52. Ka4 {[%clk 00:40:22]}
{[%emt 00:00:07]} Rg5 {[%clk 00:19:50]} {[%emt 00:00:10]} 53. Re1+ {[%clk
00:40:43]} {[%emt 00:00:08]} Re5 {[%clk 00:20:07]} {[%emt 00:00:14]} 54. Rb1
{[%clk 00:40:55]} {[%emt 00:00:15]} h5 {[%clk 00:20:10]} {[%emt 00:00:30]} 55.
Ka3 {[%clk 00:41:03]} {[%emt 00:00:22]} Rg5 {[%clk 00:20:13]} {[%emt 00:00:27]}
56. Ka2 {[%clk 00:41:25]} {[%emt 00:00:09]} g3 {[%clk 00:20:35]} {[%emt
00:00:07]} 57. Ka1 {[%clk 00:41:48]} {[%emt 00:00:05]} h4 {[%clk 00:20:56]}
{[%emt 00:00:10]} 58. Ka2 {[%clk 00:41:54]} {[%emt 00:00:24]} g2 {[%clk
00:21:11]} {[%emt 00:00:15]} 59. Re1+ {[%clk 00:41:59]} {[%emt 00:00:25]} Kd7
{[%clk 00:21:11]} {[%emt 00:00:31]} 60. Rg1 {[%clk 00:41:52]} {[%emt 00:00:35]}
h3 {[%clk 00:21:28]} {[%emt 00:00:14]} 61. Kb3 {[%clk 00:41:58]} {[%emt
00:00:24]} h2 {[%clk 00:21:41]} {[%emt 00:00:17]} 62. Rd1 {[%clk 00:42:22]}
{[%emt 00:00:05]} g1=Q {[%emt 00:00:12]} 63. Rxg1 {[%clk 00:42:22]} {[%emt
00:00:12]} hxg1=R {[%emt 00:01:01]} 64. Kc4 R1g4+ {[%clk 00:20:58]} {[%emt
00:00:11]} 65. Kd3 {[%clk 00:42:39]} {[%emt 00:00:13]} Ra5 {[%clk 00:21:19]}
{[%emt 00:00:09]} 66. Kc3 {[%clk 00:42:56]} {[%emt 00:00:12]} Ra3+ {[%clk
00:21:39]} {[%emt 00:00:10]} 67. Kb2 {[%clk 00:43:17]} {[%emt 00:00:09]} Rh3
{[%clk 00:22:04]} {[%emt 00:00:06]} 68. Kc2 {[%clk 00:43:39]} {[%emt 00:00:08]}
Rg2+ {[%clk 00:22:28]} {[%emt 00:00:06]} 69. Kd1 {[%clk 00:44:03]} {[%emt
00:00:05]} Rh1# {[%clk 00:22:49]} {[%emt 00:00:10]} 0-1